Historia por Letra - Q - Estadísticas

Estadísticas generales
  • Esta prueba ha sido intentada 3.063 veces
  • La puntuación promedio es 6 de 15
Estadísticas de respuestas
Pista Respuesta % Correcto
“El Hombre de La Mancha” Don Quijote
95%
Lengua de la civilización inca, todavía practicada hoy en día por diez millones de personas Quechua
81%
Este sitio, poblado durante 3000 años en el período preincaico, es hoy una capital Quito
77%
Posiblemente la ciudad más antigua de Canadá Ciudad de {Quebec}
73%
País que se independizó de Gran Bretaña en 1971 (En inglés) Qatar
52%
Dios de la serpiente emplumada de Mesoamérica Quetzalcoatl
46%
La última dinastía de China Qing
39%
Cita en latín del Evangelio de Juan: "¿Adónde vas?" Quo vadis?
35%
Esta aerolínea australiana es una de las más antiguas del mundo Qantas
23%
El antipalúdico que los colonos europeos ponen en su agua tónica Quinina
21%
El presidente filipino y el tocayo de la ciudad más poblada del metro de Manila Manuel L. Quezón
15%
Ciudad sagrada del chiísmo situada en el Irán actual donde está enterrada Fatimah Ma'sumeh, hermana del octavo Imán Qom
13%
Vicepresidente de George H. W. Bush Dan Quayle
11%
El líder noruego y colaborador nazi Vidkun Quisling
8%
Una cabaña semicircular barata, construida por la Marina de los EE.UU. en la Segunda Guerra Mundial Barraca {Quonset}
4%
No se encontraron pruebas coincidentes
Distribución de puntuación
Porcentaje de gente con cada puntuación
Porcentaje por número respondido
Historial de tus puntuaciones
No has intentado esta prueba.